| 000 | 01356nam a2200385Ia 4500 | ||
|---|---|---|---|
| 003 | GCL | ||
| 005 | 20240530095707.0 | ||
| 008 | 140319s9999 xx 000 0 ara d | ||
| 020 | _a4187410977 | ||
| 040 |
_aGCL / _cGCL |
||
| 082 | 0 | 4 |
_a370.157 _bم ت |
| 100 | 1 | _aمجدى عبدالكريم حبيب | |
| 245 | 1 | 0 |
_aتنمية الابداع داخل الفصل الدراسى فى القرن الحادى والعشرين / _cمجدى عبدالكريم حبيب |
| 250 | _aط1 | ||
| 260 |
_aالقاهرة : _bدار الفكر العربى ، _c2005 |
||
| 300 |
_a279 ص ؛ _c24 سم |
||
| 650 | 0 | 4 | _aتعليم الاطفال |
| 650 | 0 | 4 | _aعلم النفس التربوى |
| 650 | 0 | 4 | _aالفروق الفردية |
| 650 | 0 | 4 | _aالتفكير |
| 650 | 0 | 4 | _aالذكاء |
| 650 | 0 | 4 | _aالتعليم - مناهج |
| 650 | 0 | 4 | _aالقدرة الخلاقة |
| 650 | 0 | 4 | _aالرياضيات - تعليم وتدريس |
| 650 | 0 | 4 | _aالابتكار |
| 650 | 0 | 4 | _aالاطفال الموهوبون |
| 650 | 0 | 4 | _aتكنولوجيا المعلومات |
| 650 | 0 | 4 | _aالابداع |
| 650 | 0 | 4 | _aالبحث العلمى - طرق البحث |
| 650 | 0 | 4 | _aالطلبة - نشاط |
| 650 | 0 | 4 | _aتكنولوجيا التعليم |
| 650 | 0 | 4 | _aالتعليم - تطوير |
| 650 | 0 | 4 | _aذكاء الاطفال |
| 942 |
_2ddc _cBK |
||
| 999 |
_c9622 _d9622 |
||